| 000 | 00899nam a2200265 a 4500 | ||
|---|---|---|---|
| 005 | 20240920064444.0 | ||
| 008 | 991125s1982 mx 000 0 spa u | ||
| 020 | _a9688241628 | ||
| 035 | _aUPN01000000766 | ||
| 049 | _aCG | ||
| 050 | 4 |
_aGV711 _bC3.2 |
|
| 100 | 1 | _aCastelli, Jorge Hugo | |
| 245 | 1 | 0 |
_aAdecuación física para el deporte / _cJorge H. Castelli, Miguel Meillón C., Ariel González J. |
| 260 |
_aMéxico : _bIMSS, _c1982. |
||
| 300 | _a3 v. | ||
| 440 | 0 |
_aTextos médicos. _pMedicina del deporte |
|
| 500 | _aLa biblioteca tiene los v.2 y 3 | ||
| 505 | 8 |
_aContenido: _gv.2. _tEntrenamiento infantil y juvenil de 6 a 17 años -- _gv.3. _tAlto rendimiento |
|
| 650 | 4 |
_aEducación física _912884 |
|
| 650 | 2 |
_aDeportes _912162 |
|
| 650 | 4 |
_aMEDICINA DEPORTIVA _915328 |
|
| 700 | 1 |
_aMeillón Castrillón, Miguel, _ecoaut. |
|
| 700 | 1 |
_aGonzález J., Ariel, _ecoaut. |
|
| 905 | _aLibro | ||
| 999 |
_c766 _d766 |
||